000 00806nam a2200229Ii 4500
003 JO-AjNU
008 230605s9999||||xx |||||||||||||| ||und||
017 _a2006/11/3000
020 _a978-9957-11-678-1
040 _aJO-AjNU
_bara
_erda
_cJO-AjNU
041 _aara
050 1 4 _aHF5548.2.S3422 2008
100 3 _aتاليف السالمي، علاء عبد الرزاق محمد,
_eauthor
_962115
245 0 0 _aاتمتة المكتبات المتقدمة
250 _aط1
264 3 1 _aعمان: دار وائل للنشر والتوزيع، 2006
300 _a366ص
336 _atext
_btxt
_2rdacontent
337 _aunmediated
_bn
_2rdamedia
338 _avolume
_bnc
_2rdacarrier
650 4 _aتكنولوجيا المعلومات-ادارة المكاتب-ادارة الاعمال
_962116
999 _aA28112
_c31680
_d31680